000 00436nam a22001697a 4500
003 MPLRDC
005 20220104143728.0
008 210129b ||||| |||| 00| 0 eng d
020 _a967-934-246-8
082 _a947.41 SZBF v.6
100 _a方关贤 等编
245 _a孙子兵法连环画. 第六册
_c
260 _a
_b马来亚文化事业
_c1992
300 _b
650 _a历史连环画
942 _cBK
_o947.41 SZBF v.6
999 _c42759
_d42749